000 00897nam a22002537a 4500
999 _c65714
_d65714
005 20240530110839.0
008 191222s1988 ua a f b 000 0 ara d
017 _a88/2105
_bمصر. دار الكتب
020 _a9771470817
040 _aEG-CaGPL
_cEG-CaGPL
082 _221
_a923.4
_bق/ ن ع
100 0 _aنادية السنهورى
245 1 0 _aعبدالرزاق السنهورى من خلال اوراق الشخصية /
_cاعداد نادية السنهورى ، توفيق الشاوى
250 _aط.1
260 _aالقاهرة :
_c1988
300 _a358 ص . :
_bايض . ؛
_c24 سم .
504 _aيشمل على ارجاعات ببليوجرافية
600 0 _2عبدالرزاق السنهورى
650 _2qrmak
651 _2qrmak
700 0 _aتوفيق الشاوى
_eمعد
942 _2ddc
_cBK